Artists Beginning With C - Statistics

General Stats
  • This quiz has been taken 383 times
  • The average score is 9 of 16
Answer Stats
Hint Answer % Correct
Viva La Vida Coldplay
90%
Gangsta's Paradise Coolio
82%
Girls Just Want to Have Fun Cyndi Lauper
80%
Zombie The Cranberries
80%
Genie In a Bottle Christina Aguilera
69%
London Calling The Clash
68%
Karma Chameleon Culture Club
67%
Johnny B. Goode Chuck Berry
63%
Believe Cher
61%
Friday I'm In Love The Cure
55%
Have You Ever Seen The Rain Creedence Clearwater Revival
47%
Sunshine Of Your Love Cream
38%
(I Just) Died In Your Arms Cutting Crew
35%
Top Of The World Carpenters
20%
Summer Calvin Harris
19%
Yeah 3x Chris Brown
14%
No matching quizzes found
Score Distribution
Percent of People with Each Score
Percentile by Number Answered
Your Score History
You have not taken this quiz